| Tag |
First Indicator |
Second Indicator |
Subfields |
| LEADER |
00000cam a2200000 i 4500 |
| 001 |
in00000505313 |
| 005 |
20151013061553.0 |
| 008 |
760203s1975 au b 00010deng |
| 010 |
|
|
|a 76356049
|
| 035 |
|
|
|a (OCoLC)01964516
|
| 035 |
|
|
|9 ACD0731AM
|
| 040 |
|
|
|a GSU
|c GSU
|d TXA
|d UtOrBLW
|
| 049 |
|
|
|a TXAM
|c [1237974]
|
| 050 |
0 |
0 |
|a PR4057.B2
|b Z7
|
| 100 |
1 |
|
|a Hawthorne, Mark D.
|
| 245 |
1 |
0 |
|a John and Michael Banim (the "O'Hara brothers") :
|b a study in the early development of the Anglo-Irish novel /
|c by Mark D. Hawthorne.
|
| 264 |
|
1 |
|a Salzburg, Austria :
|b Institut fur Englische Sprache und Literatur,
|c 1975.
|
| 300 |
|
|
|a 143 pages ;
|c 21 cm.
|
| 336 |
|
|
|a text
|b txt
|2 rdacontent
|
| 337 |
|
|
|a unmediated
|b n
|2 rdamedia
|
| 338 |
|
|
|a volume
|b nc
|2 rdacarrier
|
| 490 |
1 |
|
|a Romantic reassessment ;
|v 50
|
| 490 |
1 |
|
|a Salzburg studies in English literature
|
| 504 |
|
|
|a Includes bibliographical references.
|
| 600 |
1 |
0 |
|a Banim, John,
|d 1798-1842
|x Criticism and interpretation.
|
| 600 |
1 |
0 |
|a Banim, Michael,
|d 1796-1874
|x Criticism and interpretation.
|
| 650 |
|
0 |
|a English fiction
|x Irish authors
|x History and criticism.
|
| 830 |
|
0 |
|a Salzburg studies in English literature.
|p Romantic reassessment ;
|v 50.
|
| 830 |
|
0 |
|a Salzburg studies in English literature.
|
| 999 |
|
|
|a MARS
|
| 999 |
f |
f |
|s bc103aa1-6c6e-381f-be74-1ee266ce901c
|i 944fe681-f167-345c-be71-de91d7efb7fe
|t 0
|
| 952 |
f |
f |
|p ric
|a Texas A&M University
|b Rellis Campus
|c Joint Library Facility
|d Remote Storage
|t 0
|e PR4057.B2 Z7
|h Library of Congress classification
|i unmediated -- volume
|m A14803936972
|
| 998 |
f |
f |
|a PR4057.B2 Z7
|t 0
|l Remote Storage
|